Obchodní společnosti v německém právu

Systém nemeckého súkromného práva. Vymedzenie pojmu obchodník. Typy obchodníkov podľa nemeckého občianskeho zákonníka .Klasifikácia nemeckých obchodných spoločností.

Salvato in:
Dettagli Bibliografici
Autore principale: Marján, David
Natura: Capitolo di libro
Lingua:ceco
Soggetti:
Tags: Aggiungi Tag
Nessun Tag, puoi essere il primo ad aggiungerne!!

MARC

LEADER 00000naa$a2200000$$$4500
001 0035820
005 20231114081619.6
041 0 |a cze 
044 |a CZ 
245 1 0 |a Obchodní společnosti v německém právu  |c David Marján 
520 |a Systém nemeckého súkromného práva. Vymedzenie pojmu obchodník. Typy obchodníkov podľa nemeckého občianskeho zákonníka .Klasifikácia nemeckých obchodných spoločností. 
610 2 0 |a spoločnosti obchodné 
610 2 0 |a právo obchodné 
610 2 0 |a zákonník obchodný 
610 2 0 |a obchodníci 
610 2 0 |a Nemecko 
610 2 0 |a legislatíva 
610 2 0 |a Česko 
100 1 |a Marján, David